00891caa a22001692a 4500001000900000003001100009008004300020092001700063100003000080245005000110300001300160500014400173942000900317773019000326773018800516999001700704 007178 AR-FADEU 311216n########xxu####################dd a361.1bD559i aDiéguez, Alberto José aSobre el día del asistente social argentino aPP. 9-20 aEn: Identidad profesional y trabajo social : creencias y rituales en ciencias sociales / Alberto J. Diéguez. Buenos Aires : Espacio, 1997 cBDGR0 012991911813aDiéguez, Alberto JosébdBuenos Aireso13272tIdentidad profesional y trabajo social : creencias y rituales en ciencias socialesw( AR-FADEU) 007177xz950-802-060-80 012991911814aDiéguez, Alberto JosébdBuenos Aireso709tIdentidad profesional y trabajo social : creencias y rituales en ciencias socialesw( AR-FADEU) 007177xz950-802-060-8 c12992d12992